00397nam a2200157Ia 4500008004100000020001800041082001500059100001500074245003300089250000600122260003900128300001500167500002400182650001500206700001800221230524s9999 xx 000 0 und d a9789385909283 a621.3bRAO aK.Uma Rao  0aBasic Electrical Engineering a1 aNew DelhibI.K.Internationalc2016 a"XXII,679" aQuantity Number: 1 aElectrical aA.Jayalakshmi